Introducción a las inecuaciones variacionales elípticas y sus aplicaciones a problemas de frontera libre /

Guardado en:
Autor Principal: Tarzia, Domingo Alberto.
Autor Corporativo: Centro Latinoamericano de Matemática e Informática.
Formato: Libro
Idioma:Spanish
Publicado: Buenos Aires : Consejo Nacional de Investigaciones Científicas y Técnicas, 1981.
Series:Publicaciones (Centro Latinoamericano de Matemática e Informática) ; 5
Etiquetas: Agregar Etiqueta
Sin Etiquetas, Sea el primero en etiquetar este registro!
LEADER 01052nam a22002175a 4500
001 MAT.inmabb006708
008 120829s1981####ag#######b####000#0#spa#d
005 20130219114722.0
245 1 0 |a Introducción a las inecuaciones variacionales elípticas y sus aplicaciones a problemas de frontera libre /  |c Domingo Alberto Tarzia. 
260 |a Buenos Aires :  |b Consejo Nacional de Investigaciones Científicas y Técnicas,  |c 1981. 
300 |a 208 p. ;  |c 23 cm. 
490 1 |a [Publicaciones] / Centro Latinoamericano de Matemática e Informática ;  |v 5 
500 |a "CLAMI, Centro Latinoamericano de Matemática e Informática"--Cubierta. 
504 |a Incluye referencias bibliográficas (p. 199-206). 
510 4 |a MR,  |c MR0982931 
100 1 |a Tarzia, Domingo Alberto. 
710 2 |a Centro Latinoamericano de Matemática e Informática. 
830 0 |a Publicaciones (Centro Latinoamericano de Matemática e Informática) ;  |v 5 
084 |a 35K85 (35R35 49J40)  |2 msc2000 
859 |h 35  |i T196  |p A-5608  |b BIB. MATEMATICA 
859 |h 35  |i T196  |p A-5729  |t Ej. 2  |b BIB. MATEMATICA